|
|
|
|
| LEADER |
00000nam a2200000 a 4500 |
| 001 |
vtls001258077 |
| 003 |
SK-MaSNL |
| 005 |
20260413122221.0 |
| 008 |
250414s1990 xo 0 slo |
| 035 |
|
|
|a SNK000208914
|
| 040 |
|
|
|a SNK
|b slo
|c SNK
|e AACR2
|
| 041 |
0 |
|
|a slo
|
| 044 |
|
|
|a xo
|c SK
|
| 080 |
|
|
|a 784.71.087.68
|2 1981
|
| 080 |
|
|
|a 78.087.68
|2 1981
|
| 245 |
0 |
0 |
|a Slávme slávne 1
|h Hudobnina ; Zost. Albín Kolarčík ; Graf. upr. J. Hiltmanová, M. Hadžalová
|
| 250 |
|
|
|a [1. vyd.]
|
| 260 |
|
|
|a Vranov nad Topľou
|b Okresné osvetové stredisko
|c 1990
|e Vranov nad Topľou
|f Okresné osvetové stredisko
|
| 300 |
|
|
|a 13 s.
|c 29x20,5 cm
|
| 366 |
|
|
|e 150 výt.
|
| 700 |
1 |
|
|a Kolarčík, Albín
|4 com
|9 617073
|
| 700 |
1 |
|
|a Hiltmanová, J.
|4 bkd
|9 617074
|
| 700 |
1 |
|
|a Hadžalová, M.
|4 bkd
|9 617075
|
| 852 |
|
|
|a Slovenská národná knižnica
|
| 924 |
|
|
|a zbory miešané
|
| 954 |
|
|
|a zborová tvorba
|a piesne národné
|
| 958 |
|
|
|a HHU
|
| 958 |
|
|
|a RM
|
| 958 |
|
|
|a OND
|
| 999 |
|
|
|c 947921
|d 949851
|
| 952 |
|
|
|t P60, <04>, [BOOK], {604}
|a SNK
|b SNK
|y VYP
|7 0
|p 17A0373590
|o snkHSB 3016/1 D1
|0 0
|1 0
|4 0
|d 2003-02-10
|l 0
|r 2005-01-01 00:00:00
|w 2026-02-24
|